[Event "Qatar Masters Open 2014"]
[Site "Doha QAT"]
[Date "2014.12.03"]
[Round "8.4"]
[White "Tomashevsky, Evgeny"]
[Black "Volokitin, Andrei"]
[Result "1/2-1/2"]
[WhiteElo "2714"]
[BlackElo "2627"]
[PlyCount "64"]
[EventDate "2014.11.26"]
[EventType "swiss"]
[EventRounds "9"]
[EventCountry "QAT"]
[Source "lmi"]
[SourceDate "2014.11.26"]

1. d4 Nf6 2. c4 g6 3. Nc3 d5 4. cxd5 Nxd5 5. Bd2 Bg7 6. e4 Nxc3 7. Bxc3 O-O 8.
Qd2 Nc6 9. Nf3 Bg4 10. d5 Bxf3 11. Bxg7 Kxg7 12. gxf3 Ne5 13. Qc3 f6 14. O-O-O
c6 15. Bh3 Qb6 16. Rd2 a5 17. f4 Nf7 18. Kb1 a4 19. Rc1 a3 20. dxc6 bxc6 21.
Be6 Rfd8 22. e5 Rxd2 23. exf6+ exf6 24. Qxd2 Rd8 25. Qc2 Qb4 26. Bb3 axb2 27.
Qxb2 Qxf4 28. Rxc6 Ng5 29. Qe2 Ne4 30. Qe3 Nd2+ 31. Kb2 Qxe3 32. fxe3 Nxb3
1/2-1/2

[Event "Qatar Masters Open 2014"]
[Site "Doha QAT"]
[Date "2014.12.03"]
[Round "8.6"]
[White "Oleksienko, Mikhailo"]
[Black "Kryvoruchko, Yuriy"]
[Result "1/2-1/2"]
[WhiteElo "2620"]
[BlackElo "2706"]
[PlyCount "81"]
[EventDate "2014.11.26"]
[EventType "swiss"]
[EventRounds "9"]
[EventCountry "QAT"]
[Source "lmi"]
[SourceDate "2014.11.26"]

1. d4 Nf6 2. c4 e6 3. Nc3 Bb4 4. Qc2 O-O 5. Nf3 c5 6. dxc5 Na6 7. c6 bxc6 8. g3
d5 9. Bg2 d4 10. a3 Ba5 11. b4 Nxb4 12. axb4 Bxb4 13. Bd2 dxc3 14. Bxc3 Bxc3+
15. Qxc3 Bb7 16. Ne5 Qc7 17. Qa5 Rfc8 18. Qxc7 Rxc7 19. c5 Nd7 20. Nd3 a5 21.
Kd2 Ra7 22. Rhc1 Kf8 23. Rc3 Ba6 24. Rxa5 Bxd3 25. Rxa7 Rxa7 26. exd3 Ra6 27.
Ke3 Ke7 28. f4 h5 29. d4 g6 30. Rb3 Kd8 31. h3 Kc7 32. g4 Ra2 33. Bf3 hxg4 34.
hxg4 Nf6 35. g5 Nd5+ 36. Bxd5 cxd5 37. Kf3 Ra1 38. Rb2 Rf1+ 39. Rf2 Rd1 40. Ke3
Rh1 41. Rd2 1/2-1/2

[Event "Qatar Masters Open 2014"]
[Site "Doha QAT"]
[Date "2014.12.03"]
[Round "8.7"]
[White "Akopian, Vladimir"]
[Black "Grandelius, Nils"]
[Result "1-0"]
[WhiteElo "2657"]
[BlackElo "2573"]
[PlyCount "83"]
[EventDate "2014.11.26"]
[EventType "swiss"]
[EventRounds "9"]
[EventCountry "QAT"]
[Source "lmi"]
[SourceDate "2014.11.26"]

1. e4 c5 2. Nf3 d6 3. d4 cxd4 4. Nxd4 Nf6 5. Nc3 a6 6. Be3 e6 7. f3 b5 8. Qd2
b4 9. Nd1 Be7 10. Qxb4 d5 11. Qd2 dxe4 12. Be2 O-O 13. Nc3 Bb7 14. fxe4 Bb4 15.
O-O Nxe4 16. Qd3 Bxc3 17. bxc3 Nd7 18. c4 Qc7 19. Rab1 Rac8 20. Qa3 Ba8 21. Nf3
Ne5 22. Bb6 Nxf3+ 23. gxf3 Qd6 24. Qxd6 Nxd6 25. c5 Nb5 26. Rxb5 axb5 27. Bxb5
g5 28. a4 Kg7 29. a5 h5 30. a6 Kf6 31. a7 Ke5 32. Bd7 Kf4 33. c4 h4 34. Rf2 Rc6
35. Bxc6 Bxc6 36. Bc7+ Ke3 37. Rb2 f5 38. Rb6 Ba8 39. Rb8 Rf7 40. Bb6 Kxf3 41.
Rxa8 Rd7 42. Rd8 1-0

[Event "Qatar Masters Open 2014"]
[Site "Doha QAT"]
[Date "2014.12.03"]
[Round "8.8"]
[White "Efimenko, Zahar"]
[Black "Cornette, Matthieu"]
[Result "1-0"]
[WhiteElo "2644"]
[BlackElo "2566"]
[PlyCount "63"]
[EventDate "2014.11.26"]
[EventType "swiss"]
[EventRounds "9"]
[EventCountry "QAT"]
[Source "lmi"]
[SourceDate "2014.11.26"]

1. e4 c5 2. Nf3 Nc6 3. Bb5 g6 4. O-O Bg7 5. Nc3 Nf6 6. e5 Ng4 7. Bxc6 dxc6 8.
Re1 O-O 9. d3 Nh6 10. Ne4 b6 11. Bf4 f6 12. exf6 exf6 13. d4 c4 14. Nd6 g5 15.
Bg3 Nf5 16. Nxc8 Rxc8 17. c3 Qd5 18. Nd2 c5 19. dxc5 Qxc5 20. Ne4 Qc6 21. Qg4
Nh6 22. Qf3 Nf7 23. Rad1 Rfe8 24. h4 Re6 25. Re3 Bh6 26. Qg4 Rce8 27. Rde1 Kh8
28. Qf5 Rf8 29. Nxg5 Nxg5 30. Rxe6 Nxe6 31. Rxe6 Qd7 32. Bd6 1-0

[Event "Qatar Masters Open 2014"]
[Site "Doha QAT"]
[Date "2014.12.03"]
[Round "8.9"]
[White "Ivanisevic, Ivan"]
[Black "Perunovic, Milos"]
[Result "1/2-1/2"]
[WhiteElo "2643"]
[BlackElo "2619"]
[PlyCount "62"]
[EventDate "2014.11.26"]
[EventType "swiss"]
[EventRounds "9"]
[EventCountry "QAT"]
[Source "lmi"]
[SourceDate "2014.11.26"]

1. d4 d5 2. c4 c6 3. Nc3 Nf6 4. e3 e6 5. Nf3 Nbd7 6. Qc2 Bd6 7. Bd3 O-O 8. O-O
dxc4 9. Bxc4 a6 10. Rd1 b5 11. Be2 Qc7 12. Ne4 Nxe4 13. Qxe4 e5 14. Qd3 exd4
15. Qxd4 Be7 16. Qf4 Qxf4 17. exf4 Bf6 18. Nd4 c5 19. Bf3 Ra7 20. Nc6 Rc7 21.
Bd2 b4 22. Rac1 Bb7 23. Nxb4 Bxb2 24. Rc2 Bxf3 25. gxf3 Bf6 26. Be3 Rfc8 27.
Nxa6 Rc6 28. Rxd7 Rxa6 29. Rxc5 Rxc5 30. Bxc5 Rxa2 31. Kg2 g6 1/2-1/2

[Event "Qatar Masters Open 2014"]
[Site "Doha QAT"]
[Date "2014.12.03"]
[Round "8.13"]
[White "Jobava, Baadur"]
[Black "Naroditsky, Daniel"]
[Result "1/2-1/2"]
[WhiteElo "2722"]
[BlackElo "2620"]
[PlyCount "112"]
[EventDate "2014.11.26"]
[EventType "swiss"]
[EventRounds "9"]
[EventCountry "QAT"]
[Source "lmi"]
[SourceDate "2014.11.26"]

1. b3 e5 2. Bb2 Nc6 3. e3 Nf6 4. Bb5 Bd6 5. Na3 a6 6. Bxc6 dxc6 7. Nc4 Qe7 8.
Ne2 O-O 9. O-O b5 10. Nxd6 cxd6 11. h3 Nd5 12. e4 Nc7 13. f4 f6 14. d3 Bd7 15.
Qd2 a5 16. a4 b4 17. Rf2 exf4 18. Nxf4 Ne6 19. Nh5 Qe8 20. Ng3 Ng5 21. Kh2 Qg6
22. Raf1 Qh6 23. Qe3 Nf7 24. Qd4 Be6 25. Rxf6 gxf6 26. Rxf6 c5 27. Rxh6 cxd4
28. Rxe6 Ng5 29. Rxd6 Rf2 30. Nf5 Rxc2 31. Nh6+ Kf8 32. Rf6+ Ke7 33. Bxd4 Rf8
34. Nf5+ Ke8 35. Kg3 Rxf6 36. Bxf6 Ne6 37. d4 Rc3+ 38. Kg4 Kf7 39. Bh4 Rxb3 40.
d5 Nc5 41. e5 Rd3 42. e6+ Nxe6 43. Nh6+ Ke8 44. dxe6 Rd4+ 45. Kg3 Rxh4 46. Kxh4
b3 47. Ng8 b2 48. Nf6+ Ke7 49. Nd5+ Kxe6 50. Nc3 Ke5 51. Kg3 Kd4 52. Nb1 Kd3
53. Kf3 Kc2 54. Na3+ Kb3 55. Nb1 Kc2 56. Na3+ Kb3 1/2-1/2

[Event "Qatar Masters Open 2014"]
[Site "Doha QAT"]
[Date "2014.12.03"]
[Round "8.14"]
[White "Eljanov, Pavel"]
[Black "L'Ami, Erwin"]
[Result "1-0"]
[WhiteElo "2719"]
[BlackElo "2618"]
[PlyCount "61"]
[EventDate "2014.11.26"]
[EventType "swiss"]
[EventRounds "9"]
[EventCountry "QAT"]
[Source "lmi"]
[SourceDate "2014.11.26"]

1. c4 Nf6 2. Nc3 e6 3. e4 c5 4. f4 Nc6 5. Nf3 d5 6. e5 d4 7. exf6 dxc3 8. fxg7
cxd2+ 9. Bxd2 Bxg7 10. Qc2 Qb6 11. Bc3 Nd4 12. Bxd4 cxd4 13. Bd3 Qa5+ 14. Kf2
Bd7 15. Rhe1 Bc6 16. Ne5 Bxe5 17. Rxe5 Qc7 18. b4 O-O-O 19. b5 f6 20. Re2 Qxf4+
21. Kg1 Be8 22. Rf1 Qg5 23. c5 Bg6 24. c6 Bxd3 25. Qxd3 Rhg8 26. g3 h5 27. Rxe6
h4 28. b6 axb6 29. Qa3 Kb8 30. Re7 Qa5 31. c7+ 1-0

[Event "Qatar Masters Open 2014"]
[Site "Doha QAT"]
[Date "2014.12.03"]
[Round "8.16"]
[White "Gupta, Abhijeet"]
[Black "Sjugirov, Sanan"]
[Result "0-1"]
[WhiteElo "2632"]
[BlackElo "2673"]
[PlyCount "68"]
[EventDate "2014.11.26"]
[EventType "swiss"]
[EventRounds "9"]
[EventCountry "QAT"]
[Source "lmi"]
[SourceDate "2014.11.26"]

1. d4 Nf6 2. c4 e6 3. Nf3 b6 4. a3 Ba6 5. Qb3 Be7 6. Bg5 O-O 7. Nc3 c5 8. e3
cxd4 9. Nxd4 Bb7 10. Be2 Bxg2 11. Rg1 Bb7 12. O-O-O Nc6 13. Qc2 Kh8 14. Rg3
Nxd4 15. Rxd4 d5 16. Rh3 g6 17. Rdh4 Kg8 18. cxd5 exd5 19. Bd3 Bc8 20. Rg3 Ne4
21. Nxe4 dxe4 22. Bxe7 Qxe7 23. Rxe4 Be6 24. Ba6 Rad8 25. Kb1 Rd5 26. Bc4 Rc8
27. Qb3 Bf5 28. Bxd5 Bxe4+ 29. Ka2 Rc1 30. Bxe4 Qxe4 31. a4 a5 32. Rg5 Qb1+ 33.
Ka3 Rd1 34. Qa2 Qd3+ 0-1

[Event "Qatar Masters Open 2014"]
[Site "Doha QAT"]
[Date "2014.12.03"]
[Round "8.17"]
[White "Edouard, Romain"]
[Black "Safarli, Eltaj"]
[Result "0-1"]
[WhiteElo "2659"]
[BlackElo "2628"]
[PlyCount "126"]
[EventDate "2014.11.26"]
[EventType "swiss"]
[EventRounds "9"]
[EventCountry "QAT"]
[Source "lmi"]
[SourceDate "2014.11.26"]

1. d4 Nf6 2. c4 e6 3. Nc3 Bb4 4. Nf3 b6 5. e3 O-O 6. Bd3 d5 7. cxd5 exd5 8. Ne5
c5 9. O-O Bb7 10. Bd2 Nc6 11. Nxc6 Bxc6 12. a3 Ba5 13. Ne2 c4 14. Bc2 b5 15.
Bxa5 Qxa5 16. Ng3 Rfe8 17. b4 Qc7 18. Qd2 a5 19. Rae1 axb4 20. axb4 Bd7 21. f3
c3 22. Qf2 Qc4 23. e4 dxe4 24. Nxe4 Ra6 25. Rb1 Nxe4 26. fxe4 Rf6 27. Qe3 Rxf1+
28. Rxf1 Qxb4 29. e5 Be6 30. Qd3 g6 31. Rb1 Qc4 32. Rxb5 Rd8 33. Qxc4 Bxc4 34.
Rc5 Rxd4 35. h3 h5 36. e6 fxe6 37. Bxg6 Kg7 38. Bc2 h4 39. Kf2 Rd2+ 40. Ke3 Bd5
41. Be4 Bxe4 42. Kxe4 c2 43. Kf3 Kf6 44. g4 Rh2 45. g5+ Kg6 46. Kf4 Rf2+ 47.
Ke3 Rg2 48. Kf4 e5+ 49. Kf3 Rxg5 50. Rxc2 Kf5 51. Rc8 Rg3+ 52. Kf2 Rxh3 53.
Rf8+ Ke4 54. Rh8 Rf3+ 55. Ke2 Re3+ 56. Kf2 h3 57. Rh4+ Kd3 58. Ra4 Re2+ 59. Kg1
Rc2 60. Ra8 e4 61. Rd8+ Ke2 62. Kh2 Rc7 63. Ra8 e3 0-1

[Event "Qatar Masters Open 2014"]
[Site "Doha QAT"]
[Date "2014.12.03"]
[Round "8.18"]
[White "Lenderman, Aleksandr"]
[Black "Movsesian, Sergei"]
[Result "1/2-1/2"]
[WhiteElo "2598"]
[BlackElo "2659"]
[PlyCount "65"]
[EventDate "2014.11.26"]
[EventType "swiss"]
[EventRounds "9"]
[EventCountry "QAT"]
[Source "lmi"]
[SourceDate "2014.11.26"]

1. d4 Nf6 2. c4 e6 3. Nc3 Bb4 4. Qc2 O-O 5. Nf3 d5 6. a3 Bxc3+ 7. Qxc3 dxc4 8.
Qxc4 b6 9. Bg5 Ba6 10. Qa4 c5 11. dxc5 bxc5 12. Rc1 Qb6 13. Bxf6 gxf6 14. Rc2
Rd8 15. e3 Bxf1 16. Rxf1 Nd7 17. Ke2 Ne5 18. Nxe5 fxe5 19. Rfc1 Rd5 20. Qg4+
Kf8 21. Qh4 Qb5+ 22. Ke1 Qd3 23. Qc4 Rb8 24. Qxd3 Rxd3 25. Rd1 e4 26. Rdd2 Ke7
27. Rxd3 exd3 28. Rxc5 Rxb2 29. Rc7+ Ke8 30. Rxa7 Re2+ 31. Kf1 Ra2 32. Ke1 Re2+
33. Kf1 1/2-1/2

[Event "Qatar Masters Open 2014"]
[Site "Doha QAT"]
[Date "2014.12.03"]
[Round "8.20"]
[White "Jussupow, Artur"]
[Black "Rakhmanov, Aleksandr"]
[Result "1/2-1/2"]
[WhiteElo "2581"]
[BlackElo "2636"]
[PlyCount "58"]
[EventDate "2014.11.26"]
[EventType "swiss"]
[EventRounds "9"]
[EventCountry "QAT"]
[Source "lmi"]
[SourceDate "2014.11.26"]

1. d4 Nf6 2. c4 g6 3. Nc3 d5 4. cxd5 Nxd5 5. e4 Nxc3 6. bxc3 Bg7 7. Be3 c5 8.
Rc1 Qa5 9. Qd2 cxd4 10. cxd4 Qxd2+ 11. Kxd2 O-O 12. Bd3 e6 13. Ne2 Nc6 14. Rc4
h6 15. Rb1 Rd8 16. f4 Bd7 17. e5 Na5 18. Rc5 b6 19. Rc7 Bc6 20. g3 Rdc8 21.
Rxc8+ Rxc8 22. Rc1 Bb7 23. Rxc8+ Bxc8 24. Nc3 Bf8 25. Kc2 Bb7 26. a4 Nc6 27.
Kb3 Na5+ 28. Kc2 Nc6 29. Kb3 Na5+ 1/2-1/2

[Event "Qatar Masters Open 2014"]
[Site "Doha QAT"]
[Date "2014.12.03"]
[Round "8.21"]
[White "Cheparinov, Ivan"]
[Black "Gabuzyan, Hovhannes"]
[Result "1/2-1/2"]
[WhiteElo "2684"]
[BlackElo "2565"]
[PlyCount "142"]
[EventDate "2014.11.26"]
[EventType "swiss"]
[EventRounds "9"]
[EventCountry "QAT"]
[Source "lmi"]
[SourceDate "2014.11.26"]

1. d4 Nf6 2. c4 g6 3. g3 c5 4. dxc5 Qa5+ 5. Nc3 Bg7 6. Bg2 O-O 7. Qa4 Qxc5 8.
Be3 Qc7 9. Nf3 d6 10. Rc1 Bd7 11. Qb3 Rc8 12. Ng5 Nc6 13. c5 Be8 14. O-O Na5
15. Qb4 dxc5 16. Qh4 Bc6 17. Nce4 Bxe4 18. Nxe4 Nxe4 19. Qxe4 Qe5 20. Qxe5 Bxe5
21. Rxc5 Rxc5 22. Bxc5 Rc8 23. Bxa7 Bxb2 24. Rd1 Kg7 25. Bb6 Nc4 26. Bd8 Bf6
27. Bxb7 Rb8 28. Bf3 Rb2 29. Bd5 Rc2 30. e3 h5 31. h4 Kf8 32. Bxc4 Rxc4 33. Bb6
Ra4 34. Rd8+ Kg7 35. Rd2 e5 36. Bc5 Rc4 37. Bd6 e4 38. a3 Rc6 39. Bb4 Rc1+ 40.
Kg2 Bc3 41. Bxc3+ Rxc3 42. Ra2 Rc5 43. a4 Ra5 44. f3 exf3+ 45. Kxf3 Kf6 46. e4
Ke5 47. Ke3 f6 48. Ra1 Ke6 49. Kd4 g5 50. Kc4 gxh4 51. gxh4 Ke5 52. Kb4 Ra8 53.
Re1 Rb8+ 54. Kc5 Ra8 55. Kb5 Rb8+ 56. Kc6 Ra8 57. Ra1 Kxe4 58. a5 f5 59. a6 f4
60. Kb7 Rf8 61. a7 f3 62. a8=Q Rxa8 63. Rxa8 f2 64. Rf8 Ke3 65. Kc6 Ke2 66. Kd5
f1=Q 67. Rxf1 Kxf1 68. Ke4 Ke2 69. Kf5 Kd3 70. Kg5 Ke4 71. Kxh5 Kf5 1/2-1/2

[Event "Qatar Masters Open 2014"]
[Site "Doha QAT"]
[Date "2014.12.03"]
[Round "8.22"]
[White "Melkumyan, Hrant"]
[Black "Libiszewski, Fabien"]
[Result "1-0"]
[WhiteElo "2678"]
[BlackElo "2522"]
[PlyCount "97"]
[EventDate "2014.11.26"]
[EventType "swiss"]
[EventRounds "9"]
[EventCountry "QAT"]
[Source "lmi"]
[SourceDate "2014.11.26"]

1. d4 Nf6 2. c4 g6 3. Nf3 Bg7 4. g3 c6 5. Bg2 d5 6. Qa4 Nfd7 7. Qc2 O-O 8. Nbd2
Nb6 9. c5 N6d7 10. O-O Na6 11. Rd1 e5 12. Nxe5 Nxe5 13. dxe5 Qe7 14. e4 Nxc5
15. f4 Bg4 16. Re1 Nxe4 17. Nxe4 dxe4 18. Be3 Rfe8 19. Bxe4 f6 20. Bc5 Qf7 21.
Rf1 Kh8 22. f5 Rxe5 23. Bd4 Re7 24. fxg6 Qe6 25. Rae1 Rae8 26. Qc3 c5 27. Bxf6
Bxf6 28. Rxf6 Qe5 29. Rf7 Qxc3 30. bxc3 hxg6 31. Rxe7 Rxe7 32. Kf2 Kg7 33. Ke3
Bf5 34. Kf4 Kf6 35. h4 b6 36. g4 Bxe4 37. Rxe4 Rd7 38. Re8 Rd2 39. Rf8+ Kg7 40.
Rc8 Rd7 41. Rc6 Re7 42. c4 Re1 43. a4 Re7 44. a5 bxa5 45. Rxc5 a4 46. Ra5 Rc7
47. Rxa4 Kf8 48. Ke5 a5 49. Kd6 1-0

[Event "Qatar Masters Open 2014"]
[Site "Doha QAT"]
[Date "2014.12.03"]
[Round "8.23"]
[White "Berkes, Ferenc"]
[Black "Halkias, Stelios"]
[Result "1/2-1/2"]
[WhiteElo "2669"]
[BlackElo "2519"]
[PlyCount "95"]
[EventDate "2014.11.26"]
[EventType "swiss"]
[EventRounds "9"]
[EventCountry "QAT"]
[Source "lmi"]
[SourceDate "2014.11.26"]

1. c4 e6 2. Nc3 d5 3. d4 c5 4. cxd5 exd5 5. Nf3 Nc6 6. g3 Nf6 7. Bg2 Be7 8. O-O
O-O 9. Be3 Ng4 10. Bf4 Be6 11. Rc1 g5 12. Bd2 Nxd4 13. Nxd4 cxd4 14. Nb5 Qb6
15. Nc7 Rad8 16. Qb3 Ne5 17. Nxd5 Bxd5 18. Bxd5 d3 19. Rfe1 dxe2 20. Rxe2 Qxb3
21. Bxb3 Rxd2 22. Rxe5 Bd8 23. Rd5 Rxd5 24. Bxd5 b5 25. b4 Bb6 26. Re1 Rc8 27.
Re5 h6 28. Bb3 Kg7 29. Rxb5 Rd8 30. Kf1 Rd2 31. Ke1 Rb2 32. Rf5 f6 33. g4 Rb1+
34. Ke2 Rb2+ 35. Kf1 Rb1+ 36. Kg2 Rb2 37. h3 Bd4 38. Kf1 Bb6 39. Rf3 Rb1+ 40.
Kg2 Rb2 41. b5 Bd4 42. a4 Kf8 43. a5 Ke7 44. Rd3 Rxf2+ 45. Kg3 Rf4 46. Kg2 Rf2+
47. Kg3 Rf4 48. Kg2 1/2-1/2

[Event "Qatar Masters Open 2014"]
[Site "Doha QAT"]
[Date "2014.12.03"]
[Round "8.25"]
[White "Georgiadis, Nico"]
[Black "Vovk, Andrey"]
[Result "0-1"]
[WhiteElo "2460"]
[BlackElo "2640"]
[PlyCount "118"]
[EventDate "2014.11.26"]
[EventType "swiss"]
[EventRounds "9"]
[EventCountry "QAT"]
[Source "lmi"]
[SourceDate "2014.11.26"]

1. e4 c5 2. Nf3 d6 3. d4 cxd4 4. Nxd4 Nf6 5. Nc3 Nc6 6. Bg5 e6 7. Qd2 a6 8.
O-O-O Bd7 9. f4 b5 10. Bxf6 gxf6 11. Kb1 Qb6 12. Nxc6 Bxc6 13. f5 Qc5 14. fxe6
fxe6 15. Bd3 Qe5 16. Qf2 Bg7 17. Qb6 Qc5 18. Qxc5 dxc5 19. Be2 Ke7 20. Bf3 Rad8
21. Rhe1 Bd7 22. Ne2 Bh6 23. e5 f5 24. g3 Bc8 25. Nf4 Rxd1+ 26. Rxd1 Bg7 27.
Re1 Rd8 28. Kc1 c4 29. c3 a5 30. Kc2 Bd7 31. b4 axb4 32. cxb4 Rc8 33. Kc3 Rc7
34. a3 Ra7 35. Kb2 Be8 36. Re3 Ra6 37. Bb7 Ra7 38. Bf3 Bh6 39. Kc2 Rd7 40. Kc3
Rd8 41. Be2 Ra8 42. Kd4 Ra6 43. Bf3 Kd7 44. Bb7 Rb6 45. Bf3 Kc7 46. Rc3 Bg7 47.
Re3 Ra6 48. Be2 Bh6 49. Bf3 Bg5 50. Rc3 Bd7 51. Nd3 Bd2 52. Rc2 Bh6 53. Nc5
Rxa3 54. Rc3 Ra2 55. Nxd7 Kxd7 56. Kc5 Bd2 57. Bc6+ Kc7 58. Rf3 c3 59. Rd3 c2
0-1

[Event "Qatar Masters Open 2014"]
[Site "Doha QAT"]
[Date "2014.12.03"]
[Round "8.26"]
[White "Al-Sayed, Mohammed"]
[Black "Hamdouchi, Hicham"]
[Result "1/2-1/2"]
[WhiteElo "2507"]
[BlackElo "2616"]
[PlyCount "60"]
[EventDate "2014.11.26"]
[EventType "swiss"]
[EventRounds "9"]
[EventCountry "QAT"]
[Source "lmi"]
[SourceDate "2014.11.26"]

1. d4 d5 2. c4 c6 3. cxd5 cxd5 4. Nc3 Nf6 5. Bf4 Nc6 6. e3 Bf5 7. Bd3 Bxd3 8.
Qxd3 e6 9. Nf3 Bd6 10. Bxd6 Qxd6 11. O-O O-O 12. Rfc1 a6 13. Na4 Nd7 14. Nc5
Nxc5 15. Rxc5 Rfc8 16. Rac1 Ne7 17. Rxc8+ Rxc8 18. Rxc8+ Nxc8 19. Qc3 Ne7 20.
Kf1 Qc6 21. Qxc6 Nxc6 22. Ke2 f6 23. Kd2 Kf7 24. Ng1 Ke7 25. Ne2 Kd6 26. b3 b6
27. a3 Nb8 28. Nc3 Nd7 29. Ne2 Nb8 30. Nc3 Nd7 1/2-1/2

[Event "Qatar Masters Open 2014"]
[Site "Doha QAT"]
[Date "2014.12.03"]
[Round "8.27"]
[White "Swiercz, Dariusz"]
[Black "Gomez, John Paul"]
[Result "1-0"]
[WhiteElo "2616"]
[BlackElo "2510"]
[PlyCount "77"]
[EventDate "2014.11.26"]
[EventType "swiss"]
[EventRounds "9"]
[EventCountry "QAT"]
[Source "lmi"]
[SourceDate "2014.11.26"]

1. Nf3 Nf6 2. c4 c6 3. d4 d5 4. e3 Bf5 5. Nc3 e6 6. Nh4 Be4 7. f3 Bg6 8. Qb3
Qc7 9. Bd2 Be7 10. g3 a6 11. Rc1 dxc4 12. Bxc4 Nbd7 13. a4 Rd8 14. Nxg6 hxg6
15. O-O O-O 16. Ne4 Nxe4 17. fxe4 Bg5 18. Be1 Nf6 19. h4 Bh6 20. e5 Ng4 21. Bf2
Qe7 22. Be2 Nxf2 23. Kxf2 f6 24. exf6 gxf6 25. Bc4 Rde8 26. Kg2 f5 27. Rce1 Kh7
28. e4 fxe4 29. Rxe4 Rxf1 30. Bxf1 Qf7 31. Be2 b5 32. Qc2 Rf8 33. Qxc6 bxa4 34.
Rxe6 Qf2+ 35. Kh3 Qxd4 36. Rxg6 Qd2 37. Qe4 Kh8 38. Bd3 Qe3 39. Rg8+ 1-0

[Event "Qatar Masters Open 2014"]
[Site "Doha QAT"]
[Date "2014.12.03"]
[Round "8.28"]
[White "Anton Guijarro, David"]
[Black "Zhao, Jun"]
[Result "1-0"]
[WhiteElo "2607"]
[BlackElo "2578"]
[PlyCount "167"]
[EventDate "2014.11.26"]
[EventType "swiss"]
[EventRounds "9"]
[EventCountry "QAT"]
[Source "lmi"]
[SourceDate "2014.11.26"]

1. d4 Nf6 2. Nf3 g6 3. c4 Bg7 4. Nc3 d6 5. e4 O-O 6. h3 Na6 7. Be3 e5 8. d5 Nh5
9. g3 Qe8 10. Qd2 Bd7 11. O-O-O Nc5 12. Be2 Nf6 13. Qc2 Ncxe4 14. Nxe4 Nxe4 15.
Qxe4 Bf5 16. Qh4 Qa4 17. Bd3 Bxd3 18. Rxd3 e4 19. Ng5 h5 20. Rd2 Qxa2 21. Qxe4
Rfe8 22. Qd3 b5 23. Qa3 Qxa3 24. bxa3 bxc4 25. Kc2 Rab8 26. Rb1 a5 27. Nf3 Rxb1
28. Kxb1 Rb8+ 29. Kc1 Rb3 30. Rc2 c3 31. Ra2 Rb5 32. a4 Rxd5 33. Ra3 Kf8 34.
Rb3 Ke7 35. Kc2 Kd7 36. Rb8 Rf5 37. Ne1 Re5 38. Ra8 Rf5 39. Nd3 Bf6 40. f4 Rd5
41. g4 hxg4 42. hxg4 Bg7 43. Bf2 Bf6 44. Rf8 Ke7 45. Rb8 Kd7 46. Rb1 Bg7 47.
Rd1 Bf6 48. Be3 Kc6 49. Rh1 Kd7 50. Rh7 Ke8 51. Nf2 Ke7 52. Ne4 Bd4 53. Rh3 Kd7
54. Nxc3 Bxc3 55. Kxc3 Rd1 56. Bd2 Rg1 57. g5 d5 58. Rd3 Kd6 59. Kb2 Rf1 60.
Ra3 c5 61. Bxa5 d4 62. Bb6 Kd5 63. a5 c4 64. Bxd4 Kxd4 65. a6 Rf2+ 66. Kb1 c3
67. a7 Rf1+ 68. Kc2 Rf2+ 69. Kd1 Kd3 70. Rxc3+ Kxc3 71. a8=Q Rxf4 72. Ke2 Kd4
73. Qd8+ Ke5 74. Qe7+ Kd5 75. Ke3 Rf5 76. Qd7+ Ke5 77. Qe7+ Kd5 78. Qd7+ Ke5
79. Qd8 Ke6 80. Kd4 Rf2 81. Qe8+ Kd6 82. Qb8+ Ke7 83. Qb4+ Ke6 84. Qe1+ 1-0

[Event "Qatar Masters Open 2014"]
[Site "Doha QAT"]
[Date "2014.12.03"]
[Round "8.29"]
[White "Guseinov, Gadir"]
[Black "Danielian, Elina"]
[Result "1/2-1/2"]
[WhiteElo "2592"]
[BlackElo "2487"]
[PlyCount "124"]
[EventDate "2014.11.26"]
[EventType "swiss"]
[EventRounds "9"]
[EventCountry "QAT"]
[Source "lmi"]
[SourceDate "2014.11.26"]

1. e4 d6 2. d4 Nf6 3. Nc3 g6 4. Nf3 Bg7 5. Be2 O-O 6. O-O a6 7. a4 b6 8. e5 Ne8
9. Re1 Nc6 10. Bg5 h6 11. Bh4 Bf5 12. Nd5 g5 13. Bg3 e6 14. Ne3 Ne7 15. Bd3
Bxd3 16. Qxd3 Ng6 17. Rad1 d5 18. c4 c6 19. cxd5 cxd5 20. Rc1 b5 21. axb5 axb5
22. Rc6 b4 23. h3 Ra7 24. Rec1 Ne7 25. Ra6 Rxa6 26. Qxa6 Nf5 27. Qc8 Qxc8 28.
Rxc8 Nxg3 29. fxg3 f6 30. b3 fxe5 31. dxe5 Kf7 32. Nc2 Ke7 33. Nxb4 Kd7 34. Ra8
Nc7 35. Ra7 Rc8 36. Na6 Bf8 37. Nd4 Be7 38. Rxc7+ Rxc7 39. Nxc7 Kxc7 40. Nxe6+
Kd7 41. Ng7 Bf8 42. Nh5 Ke6 43. Nf6 Be7 44. Kf2 Kxe5 45. Ng4+ Ke4 46. Nxh6 d4
47. Ke2 d3+ 48. Kd1 Bb4 49. Nf7 Be7 50. Nh6 Bb4 51. g4 Ke3 52. g3 Kf3 53. h4
Kxg3 54. hxg5 Bf8 55. Kd2 Kh4 56. Nf7 Kxg4 57. Kxd3 Kf5 58. Kc4 Be7 59. Kd5 Ba3
60. Nd8 Kxg5 61. Nb7 Kf6 62. Na5 Ke7 1/2-1/2

[Event "Qatar Masters Open 2014"]
[Site "Doha QAT"]
[Date "2014.12.03"]
[Round "8.30"]
[White "Khotenashvili, Bela"]
[Black "Wen, Yang"]
[Result "1-0"]
[WhiteElo "2504"]
[BlackElo "2586"]
[PlyCount "105"]
[EventDate "2014.11.26"]
[EventType "swiss"]
[EventRounds "9"]
[EventCountry "QAT"]
[Source "lmi"]
[SourceDate "2014.11.26"]

1. d4 d6 2. Nf3 Nf6 3. c4 g6 4. Nc3 Bg7 5. h3 O-O 6. e4 e5 7. d5 Nh5 8. g3 Qe8
9. Be2 f5 10. exf5 gxf5 11. Nh4 Nf6 12. Qc2 Na6 13. a3 c6 14. Be3 cxd5 15. cxd5
Nc7 16. Rd1 Kh8 17. Nxf5 Bxf5 18. Qxf5 Nfxd5 19. Qe4 Nxc3 20. bxc3 d5 21. Qg4
Qc6 22. O-O Rae8 23. Rb1 b6 24. h4 Re6 25. h5 Bh6 26. Bxh6 Rxh6 27. Qg5 Qd6 28.
Rbd1 Rhf6 29. Bg4 Rg8 30. Qh4 e4 31. a4 Qe5 32. Rde1 Ne6 33. Bxe6 Rxe6 34. Re3
Rh6 35. f4 Qf5 36. Qe7 Rxh5 37. Rf2 h6 38. Qd6 Rh3 39. Rg2 Qh5 40. g4 Rh1+ 41.
Kf2 Qf7 42. c4 dxc4 43. Rxe4 Re8 44. Qd4+ Kh7 45. g5 hxg5 46. Rxg5 Rh2+ 47. Kg3
Qb7 48. Kxh2 Rxe4 49. Qf6 Re2+ 50. Kg1 Re1+ 51. Kf2 Rf1+ 52. Kxf1 Qf3+ 53. Kg1
1-0

[Event "Qatar Masters Open 2014"]
[Site "Doha QAT"]
[Date "2014.12.03"]
[Round "8.31"]
[White "Gopal, G.N."]
[Black "Belyakov, Bogdan"]
[Result "1/2-1/2"]
[WhiteElo "2580"]
[BlackElo "2456"]
[PlyCount "105"]
[EventDate "2014.11.26"]
[EventType "swiss"]
[EventRounds "9"]
[EventCountry "QAT"]
[Source "lmi"]
[SourceDate "2014.11.26"]

1. Nf3 Nf6 2. g3 g6 3. b3 Bg7 4. Bb2 c5 5. c4 Nc6 6. Bg2 O-O 7. O-O d6 8. d4
Rb8 9. Nc3 cxd4 10. Nxd4 Nxd4 11. Qxd4 a6 12. Rac1 Ng4 13. Qd2 Qa5 14. h3 Nf6
15. Rfd1 Qh5 16. g4 Qh4 17. Nd5 Nxd5 18. Bxg7 Kxg7 19. cxd5 f5 20. Qd4+ Qf6 21.
Rc7 Qxd4 22. Rxd4 Re8 23. gxf5 gxf5 24. Rdc4 Kf6 25. f4 Rd8 26. Kf2 Bd7 27. Bf3
Be8 28. Rc3 Rd7 29. Rxd7 Bxd7 30. Rc7 Be8 31. Ke3 a5 32. a3 Bb5 33. Kd4 Ba6 34.
e4 fxe4 35. Kxe4 Rg8 36. Bg4 h5 37. Rc8 Rxc8 38. Bxc8 Bf1 39. Bxb7 Bxh3 40. Kf3
e6 41. Bc8 Bg4+ 42. Kg3 e5 43. Bxg4 exf4+ 44. Kxf4 hxg4 45. Kxg4 Ke5 46. Kf3
Kd4 47. b4 axb4 48. axb4 Kc4 49. Ke4 Kxb4 50. Kd4 Kb5 51. Kd3 Kc5 52. Kc3 Kxd5
53. Kd3 1/2-1/2